000 00581nam a22001817a 4500
999 _c14912
_d14912
003 OSt
082 _2631.587 ATH/SO
088 _aP 381
100 _aATHIRA P
_aRANJAN KUMAR
_93971
245 _aSoil Reinforcement Using Coconut Fibre
260 _aTavanur 2017
_bDepartment of Irrigation and Drainage Engineering
300 _a73
500 _aSoil Reinforcement Using Coconut Fibre
520 _aSoil Reinforcement Using Coconut Fibre
700 _aDr. Asha Joseph (Guide)
_93508
856 _uhttps://drive.google.com/open?id=10Wfem9ZPkKWDvyHthF4zlFiM4fQEPMz7
942 _cPR